000 00306nam a22001337a 4500
020 _a978-0-2413-6574-8
082 _a403
_bSAR/S
100 _aCRUDDAS, SARAH
245 _aFINDOUT! SOLAR SYSTEM
260 _aLONDON
_bDK LIMITED
_c2018
300 _a64
650 _aSCIENCE ENCYCLOPEDIA
_zINDIA
942 _cBK
999 _c1795
_d1795